Statistiques concernant Quel est ce Pokémon ? par image #7

Cliquez ici pour prendre le quiz!

Statistiques générales

  • Ce quiz a été pris 65 fois
  • Le résultat moyen est 11 sur 16

Statistiques - réponses

Réponse% Correct
Mew
98%
Piafabec
94%
Etourmi
89%
Galeking
85%
Chaglam
82%
Solochi
79%
Mimiqui
76%
Colombeau
71%
Papinox
69%
Lampéroie
68%
Togedemaru
66%
Haydaim (hiver)
61%
Moumouflon
55%
Bazoucan
48%
Corayôme
48%
Lampignon
39%

Distribution des résultats

Percentile par nombre de réponses

% des personnes avec chaque résultat

Votre développement - résultats

Vous n’avez pas pris ce quiz